| 000 | 00720nam a2200241Ia 4500 | ||
|---|---|---|---|
| 005 | 20260121112805.0 | ||
| 008 | 8817 260114s9999 xx 000 0 eng d | ||
| 020 | _a9789812776280 | ||
| 037 | _aEBOOK | ||
| 040 |
_aCRL _beng _cCRL |
||
| 041 |
_aeng _2eng |
||
| 084 | _qCRL | ||
| 100 |
_aOmidyar Cambyse Guy Et Al _9963257 |
||
| 245 | 0 | _aOptical Communications and Networks With Cd-Rom: Proceedings of the First International Conference on Icocn 2002 | |
| 260 | _bWorld Scientific | ||
| 260 | _bWSPC | ||
| 260 | _c2002 | ||
| 650 |
_aComputer Science _9963258 |
||
| 856 | _uhttps://www.worldscientific.com/worldscibooks/10.1142/5160#t=toc | ||
| 942 | _cEBOOK | ||
| 999 |
_c1546117 _d1546117 |
||